Statistics for Movie Character Quiz

Click here to take the quiz!

General Stats

  • This quiz has been taken 321 times
  • The average score is 12 of 31

Answer Stats

Year Character Movie % Correct
1977Luke SkywalkerStar Wars
94%
1991Hannibal LecterThe Silence of the Lambs
93%
1972Michael CorleoneThe Godfather
87%
1960Norman BatesPsycho
85%
1999Tyler DurdenFight Club
79%
1979Ellen RipleyAlien
78%
1995Keyser SozeThe Usual Suspects
65%
1984Peter VenkmanGhostbusters
55%
1994Andy DufresneThe Shawshank Redemption
54%
1976Travis BickleTaxi Driver
50%
1994Jules WinnfieldPulp Fiction
48%
1980Jake LaMottaRaging Bull
44%
2003Beatrix KiddoKill Bill
38%
2009Jake SullyAvatar
36%
1975R.P. McMurphyOne Flew Over the Cuckoo's Nest
28%
2007Anthon ChigurhNo Country for Old Men
27%
2006Billy CostiganThe Departed
25%
2009Hans LandaInglorious Basterds
25%
2007Daniel PlainviewThere Will Be Blood
21%
1996Jerry LundegaardFargo
17%
1974Jake GittesChinatown
16%
1987Adrian CronauerGood Morning Vietnam
14%
1954Terry MalloyOn the Waterfront
13%
1999Dickie GreenleafThe Talented Mr. Ripley
11%
2010Teddy DanielsShutter Island
10%
2006Alfred BordenThe Prestige
9%
2000Leonard ShelbyMemento
9%
1958Scottie FergusonVertigo
6%
1968Dave Bowman2001: A Space Odyssey
6%
1995James Cole12 Monkeys
5%
1977Roy NearyClose Encounters of the Third Kind
5%

Score Distribution

Percentile by Number Answered

Percent of People with Each Score

Your Score History

You have not taken this quiz